[Event "Porto Sant Elpidio op 21st"]
[Site "Porto Sant Elpidio"]
[Date "2018.11.24"]
[Round "2.1"]
[White "Giobbi, Costantino"]
[Black "Laketic, Gojko"]
[Result "0-1"]
[WhiteElo "1837"]
[BlackElo "2349"]
[PlyCount "36"]
[EventDate "2018.11.23"]
[EventType "swiss"]
[EventRounds "5"]
[EventCountry "ITA"]
[SourceTitle "EXT 2024"]
[Source "ChessBase"]
[SourceDate "2023.10.10"]
[SourceVersion "1"]
[SourceVersionDate "2023.10.10"]
[SourceQuality "1"]

1. d4 Nf6 2. Nf3 e6 3. c4 Bb4+ 4. Bd2 Qe7 5. Nc3 b6 6. g3 Bb7 7. Bg2 0-0 8. 0-0 d6 9. Ne1 Bxg2 10. Kxg2 Bxc3 11. Bxc3 Ne4 12. Qc2 f5 13. Nf3 Nd7 14. b4 a6 15. Rab1 b5 16. c5 Ndf6 17. Nd2 Qe8 18. f3 Nd5 0-1